Top 100 Golf Courses in the US - Statistics

General Stats
  • This quiz has been taken 294 times
    278 since last reset
  • The average score is 29 of 100
Answer Stats
Rank State Course % Correct
8 Georgia Augusta National
92%
14 California Pebble Beach
90%
5 Pennsylvania Oakmont
74%
28 New York Bethpage Black
69%
2 New Jersey Pine Valley
69%
4 New York National Golf Links of America
68%
29 North Carolina Pinehurst No. 2
66%
1 California Cypress Point
63%
3 New York Shinnecock Hills
63%
13 Oregon Pacific Dunes
59%
38 Oregon Bandon Trails
58%
100 Oregon Old Macdonald
58%
66 Florida TPC Sawgrass
58%
39 Oregon Bandon Dunes
57%
9 California Los Angeles Country Club
51%
7 Pennsylvania Merion
51%
50 New York Winged Foot (East)
51%
18 New York Winged Foot (West)
51%
42 Wisconsin Whistling Straits
50%
12 Illinois Chicago Golf Club
48%
45 South Carolina Kiawah Island
47%
46 Massachusetts The Country Club
47%
27 Florida Seminole
45%
6 Nebraska Sand Hills
43%
30 New York Oak Hill
40%
10 New York Fishers Island
39%
16 California Riviera
39%
91 Maryland Congressional
37%
73 California Olympic Club
36%
44 New Jersey Baltusrol
32%
11 New York Friar's Head
31%
33 New York Sleepy Hollow
31%
61 Ohio Muirfield Village
30%
21 California San Francisco
30%
96 Washington Chambers Bay
29%
23 Michigan Oakland Hills
29%
95 Florida Streamsong (Red)
29%
69 Massachusetts Boston Golf Club
28%
99 Illinois Medinah
28%
75 Wisconsin Sand Valley
27%
59 Nevada Shadow Creek
27%
53 Oklahoma Southern Hills
27%
31 Wisconsin The Lido
27%
43 Georgia Peachtree
26%
35 Massachusetts Eastward Ho!
25%
34 Massachusetts Myopia Hunt Club
24%
48 Massachusetts Old Sandwich Club
23%
15 Kansas Prairie Dunes
23%
32 New York Maidstone Club
22%
70 Maryland Baltimore Country Club
21%
19 California California Golf Club
21%
41 Montana Rock Creek Cattle Company
21%
17 Michigan Crystal Downs
20%
40 Ohio Inverness Club
20%
65 California Monterey Peninsula
20%
20 North Carolina Old Town Club
20%
92 Arizona Scottsdale National
20%
22 New Jersey Somerset Hills
20%
78 New York The Creek
20%
88 South Carolina The Tree Farm
20%
37 Colorado Ballyneal
19%
82 California Bel-Air
19%
54 Georgia Ohoopee Match Club
19%
63 California Pasatiempo
19%
49 Massachusetts Essex County Club
18%
52 North Carolina Wade Hampton
18%
51 South Carolina Yeamans Hall Club
18%
24 Ohio Camargo Club
17%
77 South Carolina Congaree
17%
25 Illinois Shoreacres
17%
55 Ohio The Golf Club
17%
84 Tennessee The Honors Course
17%
68 Massachusetts The Kittansett Club
17%
60 Ohio Scioto
16%
97 Pennsylvania Fox Chapel
15%
36 New York Garden City
15%
47 South Carolina Old Barnwell
15%
62 New Jersey Plainfield
15%
56 New York Quaker Ridge
15%
80 Missouri St. Louis Country Club
15%
58 Idaho Gozzer Ranch
14%
74 Hawaii Nanea
14%
87 West Virginia Pikewood National
14%
57 New York Piping Rock
13%
85 Colorado Colorado Golf Club
12%
89 California Lake Merced
12%
81 New Jersey Ridgewood
12%
86 Michigan Kingsley Club
11%
72 Wisconsin Lawsonia - Links
11%
90 Illinois Old Elm Club
11%
98 Wisconsin Sedge Valley
11%
67 California Valley Club of Montecito
11%
64 Minnesota White Bear Yacht Club
11%
79 Florida Calusa Pines
10%
26 Nebraska CapRock Ranch
10%
71 Wisconsin Milwaukee Country Club
9%
93 Ohio Moraine
9%
76 Indiana Victoria National
8%
83 California Ladera
6%
94 Nebraska Lost Rail
4%
No matching quizzes found
Score Distribution
Percent of People with Each Score
Percentile by Number Answered
Your Score History
You have not taken this quiz since the last reset